Les 10 pays les plus riches du monde - Statistiques

Statistiques générales
  • Ce quiz a été pris 855 fois
  • Le résultat moyen est 6 sur 10
Statistiques - réponses
Hint Réponse % Correct
Asie Chine
86%
Asie Japon
81%
Amérique Canada
75%
Amérique USA
75%
Europe Suisse
67%
Europe Royaume-Uni
65%
Europe Luxembourg
47%
Europe Norvège
37%
Asie Qatar
32%
Asie Singapour
31%
Aucun quiz correspondant
Distribution des résultats
% des personnes avec chaque résultat
Percentile par nombre de réponses
Votre historique - résultats
Vous n’avez pas pris ce quiz